Every 6 Letter Word (A-M) Quiz Stats

 Plays Quiz Updated Jul 28, 2012

Challenge
Share
Tweet
Embed
Score 0/297 Timer 20:00
7 Plays Today
% Correct
ACINUS - ADEEMS
75.5%
BUSMEN - BYGONE
74.7%
BASKET - BAULKY
74.2%
BRICKS - BROKEN
74.2%
FARCES - FAUCAL
73.5%
DANDER - DARTER
73%
BAMMED - BARBEL
72.7%
CASHAW - CATSUP
71.8%
APLOMB - ARCANA
71.4%
BULKED - BUPPIE
71.3%
CAROLS - CASERN
70.9%
CANDID - CANTLE
70.9%
BRAZER - BRIBES
70.8%
BOTHER - BOWING
70.5%
AAHING - ABJECT
70.2%
BRAINY - BRAZEN
70%
BOWLED - BRAINS
69.5%
CRANKS - CREATE
69%
BROKER - BRUITS
69%
BAILIE - BAMBOO
68.5%
BIRSES - BLANKS
68.3%
BACKED - BAILEY
67.9%
ALKYLS - ALOINS
67.9%
DRAFFS - DREGGY
67.8%
ABUSES - ACINIC
67.5%
CAIQUE - CALMLY
67.4%
CHAMMY - CHASTE
67.2%
DAYFLY - DEBITS
67%
CALORY - CANCHA
66.9%
FRONDS - FUDGED
66.8%
DILUTE - DIOBOL
66.8%
FLOURS - FLYERS
66.5%
FICHUS - FILLOS
66.5%
FLACKS - FLAWED
66.4%
FILMED - FIRKIN
66.3%
FIRMAN - FLABBY
66.3%
DAIMIO - DANCES
66.1%
HALVED - HANSAS
65.9%
CATTED - CAYUSE
65.9%
CANTON - CARCEL
65.7%
ANNALS - ANTLER
65.6%
BRULOT - BUDDED
65.4%
BARONG - BASKED
65.4%
FLAXEN - FLINCH
65.3%
HASHES - HAWALA
65.3%
ASPENS - ASWOON
65.2%
CROUSE - CRWTHS
65.2%
FOXILY - FRESCO
65%
MARTEN - MATING
64.9%
ALPACA - AMBLED
64.9%
DENARI - DEPUTY
64.9%
LIROTH - LIVRES
64.8%
BELLES - BENZIN
64.6%
CLOQUE - CNIDAE
64.4%
HULLED - HURDLE
64.4%
ABJURE - ABUSER
64.4%
ADVERB - AFFORD
64.3%
FALLEN - FARCER
64.2%
HORDES - HOURIS
64.2%
FOISON - FOOTLE
64.2%
BOOBIE - BORANE
64.1%
ANELES - ANLAGE
64%
AZALEA - BACHES
63.8%
BYLAWS - CABMEN
63.7%
BAWBEE - BEATEN
63.5%
DOGEYS - DONKEY
63.5%
HOURLY - HULKED
63.5%
ARMORS - ARSONS
63.4%
BUDDER - BULGUR
63.3%
ADENYL - ADVENT
63.3%
CYSTIC - DAIMEN
63.2%
DEBONE - DECREE
63.1%
EXUDES - FACULA
63.1%
BLARED - BLITHE
62.9%
FRETTY - FROLIC
62.9%
BURNIE - BUSMAN
62.9%
DREICH - DROOPS
62.7%
CRECHE - CRIMES
62.7%
ARTELS - ASPECT
62.7%
FLINGS - FLOTAS
62.7%
CRYING - CULMED
62.6%
CHATTY - CHERUB
62.6%
FECULA - FEMMES
62.3%
FORMEE - FOXIER
62.3%
BORATE - BOTFLY
62.3%
CRIMPS - CROUPY
62.1%
DECURY - DEFRAG
62.1%
GAMMED - GARGLE
62.1%
BARBER - BARNEY
61.9%
BIGGIE - BINDLE
61.9%
COYEST - CRANIA
61.8%
CHIVES - CHOTTS
61.7%
DISCUS - DIZENS
61.7%
CURVED - CUTTER
61.5%
BUQSHA - BURNET
61.5%
CARDED - CAROLI
61.5%
FESTAL - FICHES
61.4%
CHESTS - CHIMAR
61.3%
DELEAD - DEMURS
61.3%
% Correct
ASYLUM - ATTORN
61.2%
DURRAS - EAGLES
61.2%
EAGLET - ECHINI
61.1%
CHIMBS - CHITTY
61.1%
BEATER - BEDUMB
61.1%
DICOTS - DILLED
61.1%
CABOBS - CAIMAN
60.9%
HIJACK - HISSES
60.9%
COPING - CORNER
60.7%
HANSEL - HASHED
60.7%
HAWING - HEARTS
60.6%
DARTLE - DAYBED
60.6%
MISSAY - MOBBER
60.6%
DERAIL - DETEST
60.5%
LONGAN - LORANS
60.4%
FOOTSY - FORMED
60.4%
HEARTY - HEIFER
60.2%
MAILED - MALOTI
60.2%
EFFECT - ELANDS
60.2%
GRAZED - GRILSE
60.2%
HEIGHT - HENNAS
60.2%
MOTETS - MOVIES
60.1%
CITING - CLAUSE
60.1%
FADEIN - FALLAL
60%
GRAMAS - GRAYLY
60%
BEEBEE - BEGULF
59.9%
CLAVER - CLIFFY
59.8%
ITCHES - JALAPS
59.7%
GALLET - GAMMAS
59.7%
HISTED - HOGGET
59.6%
AFFRAY - AGGERS
59.6%
MANGOS - MAQUIS
59.6%
LOUTED - LUGGER
59.5%
DORSAD - DOUGHY
59.5%
CHOUGH - CHUTES
59.5%
AURUMS - AVOWED
59.5%
DROOPY - DUBBIN
59.5%
JUBHAH - JUNKER
59.3%
FEMORA - FESSES
59.3%
BLOATS - BLUEYS
59.2%
ICKIER - IMAGES
59.2%
FAUCES - FECKLY
59.2%
COSILY - COUPLE
59.1%
BETONS - BHANGS
59%
BLUFFS - BODIED
59%
BOLSON - BOOBED
58.7%
FUDGES - FUNEST
58.7%
ARCANE - ARGONS
58.3%
LEPERS - LEWDLY
58.3%
COOEED - COPIES
58%
HOOFED - HORDED
57.8%
COUPON - COYDOG
57.7%
CEASED - CENSUS
57.7%
DUMBER - DUROCS
57.6%
MIMERS - MIOTIC
57.6%
CLIFTS - CLOOTS
57.6%
CURATE - CURULE
57.5%
BEGUMS - BELLED
57.4%
DHOBIS - DICKIE
57.4%
LAWMEN - LEANED
57.4%
GROPES - GRUNGY
57.3%
FLYING - FOINED
57.2%
GIRTHS - GLEBAE
57.2%
MATINS - MAXING
57.2%
MARACA - MARTED
57.1%
AMOUNT - ANELED
57.1%
COCKED - COGGED
57.1%
GARISH - GATEAU
57.1%
LEANER - LEGATO
57.1%
AGGIES - AHORSE
56.9%
HURLED - HYENIC
56.6%
FUSTIC - GADIDS
56.4%
LIVYER - LOCULI
56.4%
GUSTED - HACKIE
56.2%
DONNAS - DORPER
56%
GHARRY - GIGOLO
56%
CHYLES - CITIFY
56%
DJEBEL - DOGEAR
55.8%
LINERS - LIQUOR
55.7%
BHARAL - BIGGER
55.6%
DIODES - DISCOS
55.6%
HOMAGE - HOOEYS
55.4%
EVOKES - EXINES
55.4%
COACTS - COCHIN
55.4%
HOGNUT - HOLPEN
55.4%
LARKED - LATHIS
55.3%
LEGEND - LEONES
55.2%
MEINIE - MENSES
55.2%
DEFRAY - DELAYS
55%
JINKED - JOKILY
54.8%
GOSSAN - GRAINY
54.8%
INLACE - INSTAR
54.7%
COLIES - COMELY
54.6%
LORDED - LOUSES
54.5%
LIEGES - LIMBAS
54.4%
DUCATS - DUMBED
54.3%
BODIES - BOLSHY
54.2%
AVOWER - AXSEED
54.2%
GADOID - GALLED
54.2%
% Correct
MADDED - MAIHEM
54.1%
CESTAS - CHALOT
54.1%
COMERS - CONEYS
54%
FUNGAL - FUSSES
53.8%
MAXIXE - MEATUS
53.5%
BENZOL - BETISE
53.5%
LUGGIE - LUPINE
53.4%
CENTAI - CESSES
53.4%
KIBLAH - KINGED
53.3%
COGITO - COLICS
53.3%
DOULAS - DRACHM
53.3%
AIDERS - AJOWAN
53.2%
GATERS - GAZING
53.1%
CULPAE - CURARI
53.1%
ENCASH - ENHALO
52.9%
MIKING - MIMEOS
52.8%
EXISTS - EXUDED
52.8%
INSTEP - INVEST
52.6%
AMBLER - AMORAL
52.5%
ETHYLS - EVOKER
52.5%
KINGLY - KLEPHT
52.5%
LUPINS - LYINGS
52.4%
MONISH - MORAYS
52.2%
HEUCHS - HIJABS
52.1%
LATIGO - LAWMAN
52.1%
ELAPID - ELUATE
52.1%
GIGOTS - GIRTED
51.8%
MESONS - MIAOUS
51.6%
MUSKET - MUZJIK
51.5%
DETICK - DHARNA
51.3%
GENIES - GHARRI
51.2%
JAZZBO - JETLAG
51%
GRIMED - GROPER
50.7%
GODDED - GONIUM
50.7%
LIMBED - LINENY
50.6%
MIAOWS - MIKADO
50.6%
LOCUMS - LONERS
50.6%
ATTRIT - AUROUS
50.1%
JALOPS - JAYVEE
50%
GAZOOS - GENIAL
49.6%
ARGOSY - ARMLET
49.4%
JETONS - JINGLY
49.4%
INFARE - INKPOT
49.4%
MOVING - MUFTIS
49.4%
HYETAL - ICKERS
49.2%
LEXEME - LIEFLY
49%
MORBID - MOTELS
48.7%
HACKLE - HAJJIS
48.6%
LAKIER - LANDER
48.6%
LACTAM - LAKERS
48.3%
GLOOMY - GLYCOL
48.2%
ECHOED - EFFACE
48.1%
JOKING - JUBBAH
47.9%
ALERTS - ALKYDS
47.8%
KUSSOS - LACKEY
47.7%
IRISES - ITCHED
47.6%
BINERS - BIRRED
47.3%
MALTED - MANGLE
47.2%
AJUGAS - ALEPHS
47%
GLYCYL - GODDAM
46.9%
CONFAB - COOCOO
46.7%
INCOME - INFANT
46.7%
MOIRES - MONIES
46.7%
IMPING - INCOGS
46.6%
MOBCAP - MOIRAI
46.4%
MUONIC - MUSKEG
46.2%
EMEERS - ENCASE
45.7%
JUNKET - KAIAKS
45.7%
HAKEEM - HALVAS
45.4%
ESPIAL - ETHOXY
45.1%
ENTERA - EPACTS
44.8%
LANELY - LARINE
44.6%
MECCAS - MEIKLE
44.6%
GONOFS - GOSPEL
44.3%
MUGFUL - MUNTIN
44.2%
GLEBES - GLOOMS
44.1%
GULDEN - GUSSIE
44%
ERGOTS - ESKERS
43.7%
MENTAL - MESNES
43.2%
CUTTLE - CYPRUS
42.5%
ANTRAL - APLITE
42.3%
ENIGMA - ENTAIL
42.2%
KLEPTO - KNOUTS
42.1%
MUZZLE - MYXOMA
41.3%
IMAGOS - IMPHEE
41.1%
ELUDED - EMDASH
40.9%
INVITE - IRISED
40.7%
EPARCH - ERGATE
40.6%
KAROOS - KEENLY
39.7%
GRUNTS - GULAGS
39.6%
HENRYS - HETMAN
39.3%
MIRAGE - MISSAL
39.1%
CORNET - COSIGN
38.1%
LYMPHS - MADCAP
37.3%
KEEPER - KERSEY
36.5%
KETENE - KIBITZ
35.4%
KNOWER - KOUSSO
30.2%
KAINIT - KARMIC
21.6%
KOWTOW - KURTAS
19%

You're not logged in!

Compare scores with friends on all Sporcle quizzes.
Join for Free
OR
Log In

You Might Also Like...

Show Comments

Extras

Top Quizzes Today


Score Distribution

Your Account Isn't Verified!

In order to create a playlist on Sporcle, you need to verify the email address you used during registration. Go to your Sporcle Settings to finish the process.

Report this User

Report this user for behavior that violates our Community Guidelines.

Details: